Представление документа в формате MARC21

Поле Инд. ПП Название Значение
Тип записи a
Библиографический уровень b
001 Контрольный номер RU/IS/BASE/291745308
005 Дата корректировки 20200608215704.1
008 Кодируемые данные 20090330
040 b Код языка каталог. rus
e Правила каталог. PSBO
041 0_ a Код языка текста rus
084 a Индекс другой классификации/Индекс ББК 83.011.7; 81.055.1
100 1_ a Автор Северская О. И.
245 10 a Заглавие Информационная структура поэтического высказывания
504 a Библиография Библиогр. ссылки. - Примеч.
520 0_ a Аннотация Анализ текстов поэтов Жданова И. Ф. и Рубинштейна Л. С. (авторов, соответственно собственно поэтических и жизненно-практических высказываний), в ходе которого показывается, как членение текста на информационные блоки позволяет реконструировать замысел автора. Рассматриваются традиционно выделяемые компоненты информационной структуры: топик/комментарий, данное/новое, тема/рема
650 04 a Основная рубрика лингвистика текста
a Основная рубрика литературоведение
a Основная рубрика общее языкознание
a Основная рубрика теория литературы
a Основная рубрика филологические науки
a Основная рубрика языкознание
a Основная рубрика поэтика
653 0_ a Ключевые слова информационная структура высказывания
a Ключевые слова поэтическая коммуникация
a Ключевые слова поэтический текст
a Ключевые слова поэтическое высказывание
a Ключевые слова тема-рематическая организация текста
a Ключевые слова топик
a Ключевые слова художественный текст
773 08 t Заглавие источника Филологические науки
d Дата издания источника 2008
g Прочая информация № 6. - С. 24 - 34
w Контрольный № источника RU/IS/BASE/282743344
901 t Тип документа b